=LDR 00000nam 2200000 4500 =001 INLIS000000000001346 =005 20230412015454 =035 ##$$a 0010-0423000158 =007 ta =008 230412################g##########0#ind## =020 ##$$a 978-979-27-5148-2 =082 ##$$a 001.642 =084 ##$$a 001.642 SIN p =100 #$$a Singgih Santoso =245 1#$$a Panduan Lengkap Menguasai Statistik dengan SPSS 17 : $b Memuat Puluhan Artikel Tip & Trik SPSS /$c Singgih Santoso =250 ##$$a Cetakan 2 =260 ##$$a Jakarta :$b Elex Media Komputindo,$c 2010 =300 ##$$a xvi + 430 halaman : $b Ilustrasi ; $c 21 cm =650 #4$$a SPSS 17 =520 ##$$a Buku ini merupakan revisi dari buku SPSS versi 16. Untuk memudahkan pemahaman materi, pada setiap topik disertai contoh kasus; mulai dari cara memasukkan data kasus statistik ke dalam SPSS, bagaimana cara SPSS mengolahnya dengan prosedur tertentu, dan cara menafsir hasil output SPSS.